000 00539nam a2200229Ia 4500
003 OSt
005 20220918201653.0
006 a|||||r|||| 00| 0
007 ta
008 220917b |||||||| |||| 00| 0 eng d
024 _a95,575
037 _cTextual
040 _aARTS
_cARTS
_beng
041 _2eng
_aeng
082 _aV2:1:N3, F4
100 _aCarthill Al
_9100060
245 0 _aLost dominion
260 _c1924
650 _aHISTORY
942 _hV2:1:N3, F4
_cTEXL
_2CC
999 _c219196
_d219196